000 00662 a2200205 4500
005 20250218123021.0
020 _a9780198737186
050 0 0 _aRK 51
_bMIT 2014
100 _aMitchell , David A
_eauthor
245 0 0 _aOxford handbook of Clinical Dentistry /
_cDavid A Mitchell ,Laura Mitchell and Lorna Mc Caul
264 _aOxford :
_bOxford University Press,
_c2014
300 _a794 pages
_billustrations
336 _2rdacontent
_atext
_btxt
337 _2rdamedia
_aunmediated
_bn
338 _2rdacarrier
_avolume
_bnc
650 0 _aDentistry.
700 1 _aMitchell,Laura
_d1924-
_eauthor
700 1 _aMc Caul , Lorna
_eauthor
942 _2lcc
_cBK
_h51
_iMIT
_kRK
999 _c11494
_d11494